000 00973nam a22001577a 4500
999 _c59591
_d59591
005 20230321101408.0
008 230321c2020 ge ||||| |||| 00| 0 geo d
022 _a1512-0481
041 _ageo
245 _aსაქართველოს უზენაესი სასამართლოს გადაწყვეტილებანი /
_bსამოქალაქო საქმეებზე : [ყოველთვიური]. უცხო ქვეყნის სასამართლო გადაწყვეტილებების საქართველოს ტერიტორიაზე ცნობა და აღსრულება.
260 _aთბილისი,
_c2000-
300 _av.
653 _aსაქართველოს უზენაესი სასამართლოს გადაწყვეტილებანი
653 _aპერიოდიკა
942 _2udc
_cCR